[Event "PMPJ 2022 - C15"]
[Site "Jastrzebia Gora"]
[Date "2022.11.12"]
[Round "3.1"]
[White "Gbiorczyk, Mikolaj"]
[Black "Latacz, Grzegorz"]
[Result "1-0"]
[BlackElo "1645"]
[WhiteElo "1824"]
[LiveChessVersion "1.4.4"]

1. e4 {[%clk 1:30:57]} e6 {[%clk 1:30:56]} 2. d4 {[%clk 1:31:18]} d5
{[%clk 1:31:23]} 3. Nc3 {[%clk 1:31:20]} Bb4 {[%clk 1:31:43]} 4. Nge2
{[%clk 1:31:25]} dxe4 {[%clk 1:23:31]} 5. a3 {[%clk 1:31:38]} Be7
{[%clk 1:22:12]} 6. g4 {[%clk 1:31:38]} Bd7 {[%clk 1:07:13]} 7. Bg2
{[%clk 1:27:28]} Bc6 {[%clk 1:06:59]} 8. Ng3 {[%clk 1:18:08]} Nf6
{[%clk 1:05:52]} 9. g5 {[%clk 1:09:33]} Nd5 {[%clk 0:56:40]} 10. Ncxe4
{[%clk 1:08:38]} f5 {[%clk 0:47:16]} 11. gxf6 {[%clk 1:04:41]} Nxf6
{[%clk 0:47:38]} 12. Be3 {[%clk 0:52:33]} O-O {[%clk 0:44:34]} 13. Qe2
{[%clk 0:49:53]} a6 {[%clk 0:43:49]} 14. O-O-O {[%clk 0:47:57]} b5
{[%clk 0:41:54]} 15. Rhg1 {[%clk 0:42:40]} b4 {[%clk 0:36:21]} 16. axb4
{[%clk 0:37:12]} Nd5 {[%clk 0:28:15]} 17. Qg4 {[%clk 0:31:58]} Qd7
{[%clk 0:27:00]} 18. Bh6 {[%clk 0:24:44]} Rf7 {[%clk 0:25:52]} 19. Bh3
{[%clk 0:19:06]} Bf8 {[%clk 0:21:46]} 20. Nh5 {[%clk 0:16:03]} Kh8
{[%clk 0:20:40]} 21. Nc5 {[%clk 0:13:39]} Qe7 {[%clk 0:18:16]} 22. Rde1
{[%clk 0:07:59]} Bd7 {[%clk 0:16:13]} 23. Nxd7 {[%clk 0:05:54]} Qxd7
{[%clk 0:16:33]} 24. Rxe6 {[%clk 0:05:19]} Nc6 {[%clk 0:16:15]} 25. Qe4
{[%clk 0:03:29]} gxh6 {[%clk 0:14:17]} 26. Reg6 {[%clk 0:03:35]} hxg6
{[%clk 0:14:08]} 27. Bxd7 {[%clk 0:04:01]} Rxd7 {[%clk 0:14:16]} 28. Qxg6
{[%clk 0:04:13]} Nce7 {[%clk 0:13:30]} 29. Qf7 {[%clk 0:03:40]} Rd6
{[%clk 0:13:04]} 30. Rg7 {[%clk 0:03:41]} Bxg7 {[%clk 0:13:02]} 31. Qxg7#
{[%clk 0:04:06]} 1-0

[Event "PMPJ 2022 - C15"]
[Site "Jastrzebia Gora"]
[Date "2022.11.12"]
[Round "3.2"]
[White "Stepinski, Piotr"]
[Black "Wydmanski, Szymon"]
[Result "1/2-1/2"]
[BlackElo "1809"]
[WhiteElo "1663"]
[LiveChessVersion "1.4.4"]

1. e4 {[%clk 1:30:56]} c5 {[%clk 1:30:02]} 2. c3 {[%clk 1:31:22]} e5
{[%clk 1:29:23]} 3. Nf3 {[%clk 1:31:14]} Nc6 {[%clk 1:29:47]} 4. d3
{[%clk 1:29:07]} Nf6 {[%clk 1:25:39]} 5. Bg5 {[%clk 1:28:41]} Be7
{[%clk 1:25:19]} 6. Nbd2 {[%clk 1:28:25]} d5 {[%clk 1:18:34]} 7. Qc2
{[%clk 1:28:08]} O-O {[%clk 1:14:10]} 8. Be2 {[%clk 1:28:03]} Be6
{[%clk 1:12:00]} 9. O-O {[%clk 1:27:53]} Rc8 {[%clk 1:08:37]} 10. Rfd1
{[%clk 1:25:15]} Ne8 {[%clk 0:56:34]} 11. Bxe7 {[%clk 1:24:59]} Qxe7
{[%clk 0:57:01]} 12. Nf1 {[%clk 1:22:17]} d4 {[%clk 0:54:36]} 13. Ng3
{[%clk 1:22:16]} Nd6 {[%clk 0:54:27]} 14. Qd2 {[%clk 1:19:04]} h6
{[%clk 0:53:01]} 15. c4 {[%clk 1:15:55]} Rb8 {[%clk 0:47:12]} 16. Rab1
{[%clk 1:14:16]} b5 {[%clk 0:43:52]} 17. b3 {[%clk 1:14:23]} Qb7 {[%clk 0:43:13]}
18. Rbc1 {[%clk 1:08:40]} bxc4 {[%clk 0:40:00]} 19. bxc4 {[%clk 1:08:00]} Qb2
{[%clk 0:40:09]} 20. Rc2 {[%clk 1:07:39]} Qa3 {[%clk 0:40:09]} 21. Nh4
{[%clk 1:07:03]} Rb6 {[%clk 0:33:06]} 22. Nhf5 {[%clk 1:06:03]} Bxf5
{[%clk 0:32:18]} 23. exf5 {[%clk 1:05:58]} f6 {[%clk 0:30:40]} 24. Bf3
{[%clk 0:53:29]} Nb4 {[%clk 0:22:51]} 25. Rb2 {[%clk 0:51:09]} Rfb8
{[%clk 0:23:17]} 26. h3 {[%clk 0:50:37]} Na6 {[%clk 0:21:25]} 27. Rxb6
{[%clk 0:49:06]} Rxb6 {[%clk 0:21:51]} 28. Qe2 {[%clk 0:48:52]} Rb2
{[%clk 0:21:08]} 29. Bd5+ {[%clk 0:48:04]} Kh8 {[%clk 0:20:50]} 30. Qg4
{[%clk 0:48:23]} Qa4 {[%clk 0:18:21]} 31. Re1 {[%clk 0:41:58]} Nc7
{[%clk 0:11:52]} 32. Nh5 {[%clk 0:41:08]} Nce8 {[%clk 0:11:33]} 33. Qg6
{[%clk 0:32:13]} Qd7 {[%clk 0:07:29]} 34. Be6 {[%clk 0:28:58]} Qe7
{[%clk 0:05:59]} 35. f4 {[%clk 0:26:53]} exf4 {[%clk 0:05:52]} 36. Nxf4
{[%clk 0:26:41]} Nc7 {[%clk 0:05:04]} 37. Qg3 {[%clk 0:24:34]} Qd8
{[%clk 0:04:46]} 38. Nh5 Qf8 {[%clk 0:02:27]} 39. Nf4 {[%clk 0:07:49]} Qd8
{[%clk 0:02:50]} 40. Nh5 {[%clk 0:03:52]} Qf8 {[%clk 0:03:12]} 41. Nf4
{[%clk 0:03:25]} 1/2-1/2

[Event "PMPJ 2022 - C15"]
[Site "Jastrzebia Gora"]
[Date "2022.11.12"]
[Round "3.3"]
[White "Krol, Jan"]
[Black "Rodziewicz-bielewicz, Kuba"]
[Result "1/2-1/2"]
[BlackElo "1274"]
[WhiteElo "1804"]
[LiveChessVersion "1.4.4"]

1. e4 {[%clk 1:30:58]} e5 {[%clk 1:30:51]} 2. Nf3 {[%clk 1:31:24]} Nc6
{[%clk 1:31:12]} 3. Bc4 {[%clk 1:31:51]} Bc5 {[%clk 1:31:34]} 4. c3
{[%clk 1:32:15]} Nf6 {[%clk 1:31:38]} 5. d3 {[%clk 1:32:41]} d6 {[%clk 1:31:13]}
6. Bb3 {[%clk 1:33:07]} Bg4 {[%clk 1:28:37]} 7. h3 {[%clk 1:32:55]} Bh5
{[%clk 1:28:33]} 8. Nbd2 {[%clk 1:33:14]} O-O {[%clk 1:24:30]} 9. Qe2
{[%clk 1:33:23]} d5 {[%clk 1:21:17]} 10. Bc2 {[%clk 1:33:31]} Re8
{[%clk 1:19:53]} 11. Nf1 {[%clk 1:32:10]} h6 {[%clk 1:14:10]} 12. g4
{[%clk 1:30:48]} Bg6 {[%clk 1:13:49]} 13. Ng3 {[%clk 1:29:42]} Nh7
{[%clk 1:01:12]} 14. h4 {[%clk 1:28:35]} f6 {[%clk 0:58:48]} 15. Rg1
{[%clk 1:18:24]} Ne7 {[%clk 0:51:09]} 16. Nf5 {[%clk 1:02:53]} Nxf5
{[%clk 0:50:30]} 17. gxf5 {[%clk 1:02:36]} Bh5 {[%clk 0:49:48]} 18. Bxh6
{[%clk 1:02:29]} Re7 {[%clk 0:49:45]} 19. Rg3 {[%clk 0:55:45]} c6
{[%clk 0:47:39]} 20. Be3 {[%clk 0:53:03]} d4 {[%clk 0:47:29]} 21. Bd2
{[%clk 0:51:16]} Qb6 {[%clk 0:47:11]} 22. Rb1 {[%clk 0:46:48]} Rd8
{[%clk 0:45:27]} 23. Kf1 {[%clk 0:40:56]} dxc3 {[%clk 0:42:29]} 24. bxc3
{[%clk 0:41:16]} Qa6 {[%clk 0:42:00]} 25. Bb3+ {[%clk 0:38:45]} Kh8
{[%clk 0:41:59]} 26. Bc4 {[%clk 0:24:10]} b5 {[%clk 0:41:50]} 27. Be6
{[%clk 0:21:45]} Nf8 {[%clk 0:41:17]} 28. Bb3 {[%clk 0:18:35]} Red7
{[%clk 0:40:49]} 29. Bc2 {[%clk 0:18:34]} Qxa2 {[%clk 0:39:46]} 30. Be3
{[%clk 0:18:53]} Bxe3 {[%clk 0:37:40]} 31. fxe3 {[%clk 0:19:21]} a5
{[%clk 0:32:06]} 32. Kf2 {[%clk 0:18:22]} a4 {[%clk 0:31:04]} 33. Rgg1
{[%clk 0:17:36]} Ra7 {[%clk 0:21:43]} 34. Qd2 {[%clk 0:15:23]} Nd7
{[%clk 0:19:01]} 35. Ra1 {[%clk 0:11:18]} Qf7 {[%clk 0:17:48]} 36. d4
{[%clk 0:09:37]} Nb6 {[%clk 0:16:27]} 37. Qe1 {[%clk 0:09:24]} Bxf3
{[%clk 0:16:01]} 38. Kxf3 {[%clk 0:09:32]} Qh5+ {[%clk 0:16:23]} 39. Kg2
{[%clk 0:08:11]} Nc4 {[%clk 0:08:45]} 40. Bd1 {[%clk 0:07:45]} Qh6
{[%clk 0:08:54]} 41. Kf3 {[%clk 0:07:36]} Qh5+ {[%clk 0:07:20]} 42. Kg2
{[%clk 0:07:37]} Qh6 {[%clk 0:07:43]} 1/2-1/2

[Event "PMPJ 2022 - C15"]
[Site "Jastrzebia Gora"]
[Date "2022.11.12"]
[Round "3.4"]
[White "Marek, Grzegorz"]
[Black "Duda, Szymon"]
[Result "1/2-1/2"]
[BlackElo "1697"]
[WhiteElo "1614"]
[LiveChessVersion "1.4.4"]

1. b3 {[%clk 1:30:56]} e5 {[%clk 1:30:19]} 2. Bb2 {[%clk 1:31:20]} d6
{[%clk 1:28:45]} 3. e3 {[%clk 1:31:33]} Nc6 {[%clk 1:28:06]} 4. d4
{[%clk 1:28:44]} exd4 {[%clk 1:27:22]} 5. exd4 {[%clk 1:29:05]} d5
{[%clk 1:27:28]} 6. Nf3 {[%clk 1:23:10]} Nf6 {[%clk 1:24:19]} 7. Bd3
{[%clk 1:18:05]} Bd6 {[%clk 1:22:42]} 8. O-O {[%clk 1:17:09]} O-O
{[%clk 1:23:00]} 9. c3 {[%clk 1:14:04]} Bg4 {[%clk 1:22:04]} 10. Nbd2
{[%clk 1:13:50]} Qd7 {[%clk 1:19:35]} 11. Qc2 {[%clk 1:12:34]} Rfe8
{[%clk 1:18:11]} 12. Rfe1 {[%clk 0:56:11]} Rxe1+ {[%clk 1:11:58]} 13. Rb1 Rd1+
14. Rxd1 {[%clk 0:56:01]} Re8 {[%clk 1:12:17]} 15. Re1 {[%clk 0:51:32]} Qc8
{[%clk 1:12:17]} 16. Rxe8+ {[%clk 0:51:32]} Qxe8 {[%clk 1:12:20]} 17. h3
{[%clk 0:42:58]} Bd7 {[%clk 1:11:16]} 18. Qb1 {[%clk 0:40:36]} h6
{[%clk 1:03:31]} 19. Nh4 {[%clk 0:31:00]} Bf4 {[%clk 1:02:17]} 20. Nhf3
{[%clk 0:28:09]} Bd6 {[%clk 0:53:42]} 21. Nh4 {[%clk 0:28:14]} Bf4
{[%clk 0:53:41]} 22. Nhf3 {[%clk 0:28:36]} Bd6 {[%clk 0:53:12]} 23. Nh4
{[%clk 0:28:53]} Bf4 {[%clk 0:53:24]} 24. Nhf3 {[%clk 0:29:07]} Bd6
{[%clk 0:53:39]} 25. Nh4 {[%clk 0:29:29]} Bf4 {[%clk 0:54:01]} 26. Nhf3
{[%clk 0:29:50]} Bd6 {[%clk 0:54:27]} 27. Nh4 {[%clk 0:30:12]} Bf4
{[%clk 0:54:52]} 28. Nhf3 {[%clk 0:30:37]} Bd6 {[%clk 0:55:16]} 29. Nh4
{[%clk 0:31:01]} Bf4 {[%clk 0:55:41]} 30. Nhf3 {[%clk 0:31:25]} Bd6
{[%clk 0:56:08]} 31. Nh4 {[%clk 0:31:48]} Bf4 {[%clk 0:56:33]} 32. Nhf3
{[%clk 0:32:09]} Bd6 {[%clk 0:56:55]} 33. Nh4 {[%clk 0:32:27]} 1/2-1/2

[Event "PMPJ 2022 - C15"]
[Site "Jastrzebia Gora"]
[Date "2022.11.12"]
[Round "3.5"]
[White "Zydok, Ignacy"]
[Black "Szymkiewicz, Witold"]
[Result "0-1"]
[BlackElo "1658"]
[WhiteElo "1200"]
[LiveChessVersion "1.4.4"]

1. e4 {[%clk 1:30:59]} c6 {[%clk 1:30:32]} 2. d4 {[%clk 1:31:27]} d5
{[%clk 1:30:56]} 3. exd5 {[%clk 1:31:54]} cxd5 {[%clk 1:31:18]} 4. c4
{[%clk 1:32:20]} Nf6 {[%clk 1:25:09]} 5. Nc3 {[%clk 1:32:45]} Nc6
{[%clk 1:24:20]} 6. Bg5 {[%clk 1:33:04]} dxc4 {[%clk 1:21:32]} 7. Bxc4
{[%clk 1:33:29]} a6 {[%clk 1:15:32]} 8. d5 {[%clk 1:28:39]} Ne5 {[%clk 1:15:18]}
9. Be2 {[%clk 1:26:56]} Bd7 {[%clk 1:00:54]} 10. Nf3 {[%clk 1:22:59]} Nxf3+
{[%clk 0:59:53]} 11. Bxf3 {[%clk 1:22:59]} h6 {[%clk 0:53:14]} 12. Bf4
{[%clk 1:16:54]} g5 {[%clk 0:52:55]} 13. Be5 {[%clk 1:15:53]} Bg7
{[%clk 0:46:45]} 14. Qd4 {[%clk 1:11:05]} O-O {[%clk 0:45:07]} 15. O-O
{[%clk 1:05:43]} Ne8 {[%clk 0:41:22]} 16. Bxg7 {[%clk 0:58:02]} Nxg7
{[%clk 0:41:51]} 17. d6 {[%clk 0:58:12]} Nf5 {[%clk 0:41:22]} 18. Qd3
{[%clk 0:56:07]} Nxd6 {[%clk 0:40:15]} 19. a4 {[%clk 0:55:17]} Bf5
{[%clk 0:24:39]} 20. Qe3 {[%clk 0:52:10]} Nc4 {[%clk 0:18:15]} 21. Qc5
{[%clk 0:52:34]} Qc8 {[%clk 0:17:27]} 22. Qxe7 {[%clk 0:52:28]} Re8
{[%clk 0:15:49]} 23. Qxb7 {[%clk 0:50:26]} Qxb7 {[%clk 0:15:17]} 24. Bxb7
{[%clk 0:50:36]} Ra7 {[%clk 0:15:42]} 25. Bd5 {[%clk 0:50:24]} Nxb2
{[%clk 0:15:37]} 26. f3 {[%clk 0:45:12]} Rd8 {[%clk 0:14:51]} 27. Be4
{[%clk 0:43:51]} Be6 {[%clk 0:12:27]} 28. Rab1 {[%clk 0:42:12]} Rd2
{[%clk 0:12:11]} 29. f4 {[%clk 0:36:48]} Rc7 {[%clk 0:12:00]} 30. Rbc1
{[%clk 0:35:31]} gxf4 {[%clk 0:11:17]} 31. Bb1 {[%clk 0:31:41]} f3
{[%clk 0:09:54]} 32. gxf3 {[%clk 0:29:38]} Bh3 {[%clk 0:09:52]} 33. Rfe1
{[%clk 0:28:30]} f5 {[%clk 0:08:19]} 34. Ne2 {[%clk 0:26:56]} Rxe2
{[%clk 0:07:28]} 0-1

[Event "PMPJ 2022 - C15"]
[Site "Jastrzebia Gora"]
[Date "2022.11.12"]
[Round "3.6"]
[White "Jaworski, Tymon"]
[Black "Duda, Leon"]
[Result "1-0"]
[BlackElo "1621"]
[WhiteElo "1791"]
[LiveChessVersion "1.4.4"]

1. c4 {[%clk 1:30:58]} b6 {[%clk 1:29:51]} 2. d4 {[%clk 1:30:33]} e6
{[%clk 1:30:02]} 3. Nf3 {[%clk 1:29:55]} Bb7 {[%clk 1:30:23]} 4. Nc3
{[%clk 1:29:28]} Nf6 {[%clk 1:25:19]} 5. Bf4 {[%clk 1:27:36]} d5 {[%clk 1:24:16]}
6. e3 {[%clk 1:27:31]} Bd6 {[%clk 1:22:02]} 7. Bg3 {[%clk 1:24:49]} O-O
{[%clk 1:20:41]} 8. cxd5 {[%clk 1:21:58]} Nxd5 {[%clk 1:20:41]} 9. Be2
{[%clk 1:20:30]} Nd7 {[%clk 1:17:09]} 10. O-O {[%clk 1:18:33]} Bxg3
{[%clk 1:16:31]} 11. hxg3 {[%clk 1:18:48]} N7f6 {[%clk 1:16:43]} 12. Rc1
{[%clk 1:11:31]} Qe7 {[%clk 1:09:42]} 13. Ne5 {[%clk 1:08:22]} Ne8
{[%clk 1:03:53]} 14. Bf3 {[%clk 1:05:57]} c6 {[%clk 0:57:26]} 15. Qa4
{[%clk 0:57:25]} b5 {[%clk 0:49:09]} 16. Nxd5 {[%clk 0:54:01]} cxd5
{[%clk 0:47:27]} 17. Qxb5 {[%clk 0:53:23]} Nd6 {[%clk 0:47:43]} 18. Qd7
{[%clk 0:52:11]} Qxd7 {[%clk 0:47:02]} 19. Nxd7 {[%clk 0:52:32]} Rfc8
{[%clk 0:46:57]} 20. Nc5 {[%clk 0:51:06]} Bc6 {[%clk 0:47:18]} 21. Be2
{[%clk 0:51:10]} Rab8 {[%clk 0:45:18]} 22. Ba6 {[%clk 0:50:00]} Rc7
{[%clk 0:45:27]} 23. Rb1 {[%clk 0:48:55]} Bb5 {[%clk 0:41:59]} 24. Bxb5
{[%clk 0:46:07]} Rxb5 {[%clk 0:42:16]} 25. a4 {[%clk 0:43:28]} Rb6 26. b4
{[%clk 0:43:20]} Nc4 {[%clk 0:40:45]} 27. Rfd1 {[%clk 0:43:13]} h6
{[%clk 0:39:38]} 28. Kf1 {[%clk 0:42:29]} Kf8 {[%clk 0:35:02]} 29. Ke2
{[%clk 0:41:55]} Ke7 {[%clk 0:35:13]} 30. Kd3 {[%clk 0:37:42]} Rc8
{[%clk 0:33:55]} 31. Rb3 {[%clk 0:34:50]} Rcb8 {[%clk 0:31:00]} 32. Rdb1
{[%clk 0:34:23]} Kd6 {[%clk 0:28:32]} 33. b5 {[%clk 0:31:33]} Na5
{[%clk 0:23:07]} 34. Rc3 {[%clk 0:29:33]} Nc4 {[%clk 0:22:17]} 35. Re1
{[%clk 0:21:53]} e5 {[%clk 0:16:32]} 36. Rc2 {[%clk 0:17:52]} Rc8
{[%clk 0:15:30]} 37. e4 {[%clk 0:15:33]} exd4 {[%clk 0:11:39]} 38. Kxd4
{[%clk 0:15:33]} Re8 {[%clk 0:03:24]} 39. f4 {[%clk 0:12:16]} f6 {[%clk 0:03:19]}
40. Rce2 {[%clk 0:11:59]} Na5 {[%clk 0:00:40]} 41. exd5 {[%clk 0:10:41]} Rxe2
{[%clk 0:00:37]} 42. Rxe2 {[%clk 0:11:08]} 1-0

[Event "PMPJ 2022 - C15"]
[Site "Jastrzebia Gora"]
[Date "2022.11.12"]
[Round "3.7"]
[White "Wierzbicki, Dawid"]
[Black "Wandor, Adam"]
[Result "1-0"]
[BlackElo "1585"]
[WhiteElo "1732"]
[LiveChessVersion "1.4.4"]

1. c4 {[%clk 1:30:49]} e6 {[%clk 1:30:41]} 2. g3 {[%clk 1:31:07]} Nf6
{[%clk 1:31:04]} 3. Bg2 {[%clk 1:31:33]} d5 {[%clk 1:31:16]} 4. cxd5
{[%clk 1:31:52]} exd5 {[%clk 1:31:40]} 5. d4 {[%clk 1:31:43]} c6 {[%clk 1:31:44]}
6. Nc3 {[%clk 1:32:03]} Bf5 {[%clk 1:31:31]} 7. Nf3 {[%clk 1:32:11]} h6
{[%clk 1:30:33]} 8. Bf4 {[%clk 1:32:14]} Bd6 {[%clk 1:23:38]} 9. Qd2
{[%clk 1:28:06]} Ne4 {[%clk 1:19:15]} 10. Nxe4 {[%clk 1:27:54]} Bxe4
{[%clk 1:18:35]} 11. O-O {[%clk 1:27:02]} O-O {[%clk 1:13:57]} 12. b4
{[%clk 1:23:53]} Qe7 {[%clk 1:03:50]} 13. Bxd6 {[%clk 1:19:13]} Qxd6
{[%clk 1:04:14]} 14. Ne5 {[%clk 1:18:35]} Bxg2 {[%clk 1:04:22]} 15. Kxg2
{[%clk 1:19:01]} Nd7 {[%clk 1:02:47]} 16. Nxd7 {[%clk 1:19:04]} Qxd7
{[%clk 1:03:10]} 17. Rab1 {[%clk 1:18:53]} a6 {[%clk 1:01:57]} 18. a4
{[%clk 1:18:37]} b5 {[%clk 1:00:55]} 19. a5 {[%clk 1:18:26]} Qd6 {[%clk 1:00:14]}
20. Rfc1 {[%clk 1:18:29]} Rac8 {[%clk 0:59:59]} 21. Rc5 {[%clk 1:17:01]} Rc7
{[%clk 0:58:34]} 22. Rbc1 {[%clk 1:17:10]} Rfc8 {[%clk 0:51:34]} 23. R1c3
{[%clk 1:16:05]} Re8 {[%clk 0:48:29]} 24. f3 {[%clk 1:14:19]} Re6
{[%clk 0:39:27]} 25. Kf2 {[%clk 1:12:26]} f5 {[%clk 0:36:16]} 26. Qf4
{[%clk 1:10:41]} Qd7 {[%clk 0:31:19]} 27. Re3 {[%clk 1:05:31]} Rxe3
{[%clk 0:30:35]} 28. Qxe3 {[%clk 1:05:52]} Rc8 {[%clk 0:29:29]} 29. Qc3
{[%clk 1:06:01]} Qe6 {[%clk 0:25:14]} 30. Qe3 {[%clk 1:01:45]} Re8
{[%clk 0:23:01]} 31. Qxe6+ {[%clk 0:50:18]} Rxe6 {[%clk 0:23:25]} 32. e3
{[%clk 0:50:33]} Kf7 {[%clk 0:23:18]} 33. Ke2 {[%clk 0:50:49]} g5
{[%clk 0:17:14]} 34. Kd3 {[%clk 0:50:46]} h5 {[%clk 0:15:30]} 35. Rc2
{[%clk 0:49:22]} g4 {[%clk 0:09:38]} 36. e4 {[%clk 0:39:12]} fxe4+
{[%clk 0:07:20]} 37. fxe4 {[%clk 0:39:38]} dxe4+ {[%clk 0:07:35]} 38. Ke3
{[%clk 0:40:04]} Kg7 {[%clk 0:05:05]} 39. Rc5 {[%clk 0:31:53]} Kg6
{[%clk 0:03:54]} 40. Rc2 {[%clk 0:31:40]} Kg5 {[%clk 0:02:43]} 41. Rc1
{[%clk 0:31:22]} Kg6 {[%clk 0:01:26]} 42. Rc5 {[%clk 0:31:45]} Kh6
{[%clk 0:00:48]} 43. Rf5 {[%clk 0:31:22]} Kg6 {[%clk 0:00:55]} 44. Rf8
{[%clk 0:31:47]} Rf6 {[%clk 0:00:38]} 45. Ra8 {[%clk 0:31:52]} Rf3+
{[%clk 0:00:36]} 46. Kxe4 {[%clk 0:32:20]} Rf2 {[%clk 0:00:38]} 47. Rxa6
{[%clk 0:32:42]} Rxh2 {[%clk 0:01:00]} 48. Rxc6+ {[%clk 0:33:09]} Kf7
{[%clk 0:01:14]} 49. Rc5 {[%clk 0:33:14]} h4 {[%clk 0:00:39]} 50. Kf4
{[%clk 0:32:08]} Rd2 {[%clk 0:00:36]} 51. Rf5+ {[%clk 0:27:59]} Ke7
{[%clk 0:00:43]} 52. Re5+ {[%clk 0:28:18]} Kd6 {[%clk 0:00:33]} 53. gxh4
{[%clk 0:28:32]} g3 {[%clk 0:00:34]} 54. Kxg3 {[%clk 0:28:43]} Rd3+
{[%clk 0:00:35]} 55. Kf2 {[%clk 0:28:20]} Rxd4 {[%clk 0:00:53]} 56. Rxb5
{[%clk 0:28:46]} Rxh4 {[%clk 0:01:14]} 57. Rb7 {[%clk 0:28:29]} Kc6
{[%clk 0:01:25]} 58. a6 {[%clk 0:28:47]} Rh2+ {[%clk 0:00:57]} 59. Kg3
{[%clk 0:29:07]} Ra2 {[%clk 0:01:16]} 60. b5+ {[%clk 0:29:34]} Kc5
{[%clk 0:01:32]} 61. a7 {[%clk 0:29:40]} Ra3+ {[%clk 0:00:56]} 62. Kf4
{[%clk 0:30:02]} Ra4+ {[%clk 0:01:14]} 63. Ke5 {[%clk 0:30:28]} Ra5
{[%clk 0:01:24]} 64. Ke6 {[%clk 0:30:38]} Ra1 {[%clk 0:00:58]} 65. b6
{[%clk 0:30:55]} Kc6 {[%clk 0:00:57]} 66. Rb8 {[%clk 0:31:13]} Re1+
{[%clk 0:01:09]} 67. Kf5 {[%clk 0:31:35]} Rf1+ {[%clk 0:01:29]} 68. Ke4
{[%clk 0:32:00]} Re1+ {[%clk 0:01:53]} 69. Kf3 {[%clk 0:32:26]} Rf1+
{[%clk 0:02:15]} 70. Ke2 {[%clk 0:32:52]} Ra1 {[%clk 0:02:25]} 71. a8=Q+
{[%clk 0:33:16]} Rxa8 {[%clk 0:02:49]} 72. Rxa8 {[%clk 0:33:41]} Kb7
{[%clk 0:02:59]} 73. Ra5 {[%clk 0:34:05]} Kxb6 {[%clk 0:03:25]} 74. Re5
{[%clk 0:34:29]} Kc6 {[%clk 0:03:49]} 75. Ke3 {[%clk 0:34:56]} Kd6
{[%clk 0:04:15]} 76. Kd4 {[%clk 0:35:21]} Kc6 {[%clk 0:04:41]} 77. Rd5
{[%clk 0:35:48]} Kb6 {[%clk 0:05:06]} 78. Rc5 {[%clk 0:36:09]} Kb7
{[%clk 0:05:32]} 79. Kd5 {[%clk 0:36:33]} Kb6 {[%clk 0:05:57]} 80. Kd6
{[%clk 0:37:00]} Kb7 {[%clk 0:06:22]} 81. Rb5+ {[%clk 0:37:25]} Ka7
{[%clk 0:06:45]} 82. Kc7 {[%clk 0:37:30]} Ka6 {[%clk 0:07:11]} 83. Rd5
{[%clk 0:37:57]} Ka7 {[%clk 0:07:27]} 84. Ra5# {[%clk 0:38:19]} 1-0

[Event "PMPJ 2022 - C15"]
[Site "Jastrzebia Gora"]
[Date "2022.11.12"]
[Round "3.8"]
[White "Zieba, Hubert"]
[Black "Jendrowiak, Maciej"]
[Result "1-0"]
[BlackElo "1664"]
[WhiteElo "1453"]
[LiveChessVersion "1.4.4"]

1. c4 {[%clk 1:30:59]} Nf6 {[%clk 1:30:27]} 2. Nf3 {[%clk 1:31:23]} g6
{[%clk 1:30:18]} 3. g3 {[%clk 1:31:49]} c6 {[%clk 1:30:26]} 4. Bg2
{[%clk 1:32:14]} Bg7 {[%clk 1:29:43]} 5. O-O {[%clk 1:32:36]} O-O
{[%clk 1:29:56]} 6. Nc3 {[%clk 1:32:57]} d5 {[%clk 1:30:07]} 7. cxd5
{[%clk 1:33:16]} cxd5 {[%clk 1:30:23]} 8. d4 {[%clk 1:33:40]} Nc6
{[%clk 1:27:13]} 9. Bf4 {[%clk 1:33:59]} Ne4 {[%clk 1:21:57]} 10. Ne5
{[%clk 1:34:12]} Nxc3 {[%clk 1:14:34]} 11. bxc3 {[%clk 1:34:27]} Nxe5
{[%clk 1:04:43]} 12. dxe5 {[%clk 1:34:52]} e6 {[%clk 1:03:53]} 13. Qd4
{[%clk 1:33:13]} Qa5 {[%clk 0:58:34]} 14. Rfd1 {[%clk 1:31:54]} Rb8
{[%clk 0:57:49]} 15. e4 {[%clk 1:27:48]} dxe4 {[%clk 0:56:48]} 16. Qd6
{[%clk 1:28:11]} Ra8 {[%clk 0:53:26]} 17. Bxe4 {[%clk 1:27:42]} Qxc3
{[%clk 0:49:36]} 18. Rac1 {[%clk 1:26:46]} Qa5 {[%clk 0:49:14]} 19. Rc7
{[%clk 1:26:06]} h6 {[%clk 0:42:25]} 20. Bxg6 {[%clk 1:22:41]} Qa4
{[%clk 0:36:23]} 21. Bc2 {[%clk 1:22:22]} Qb5 {[%clk 0:31:08]} 22. a4
{[%clk 1:21:45]} Qe2 {[%clk 0:30:47]} 23. Rd2 {[%clk 1:20:50]} Qf3
{[%clk 0:29:42]} 24. Qd4 {[%clk 1:17:30]} a5 {[%clk 0:24:34]} 25. Bd1
{[%clk 1:17:39]} Qa3 {[%clk 0:23:49]} 26. Rd3 {[%clk 1:17:06]} Qb4
{[%clk 0:23:04]} 27. Rc4 {[%clk 1:16:27]} Qb1 {[%clk 0:19:32]} 28. Qe3
{[%clk 1:15:51]} Qa2 {[%clk 0:18:14]} 29. Bb3 {[%clk 1:16:09]} Qa1+
{[%clk 0:18:32]} 30. Rd1 {[%clk 1:15:30]} Qb2 {[%clk 0:17:37]} 31. Bxh6
{[%clk 1:13:13]} Qxe5 {[%clk 0:17:21]} 32. Qxe5 {[%clk 1:13:36]} 1-0

[Event "PMPJ 2022 - C15"]
[Site "Jastrzebia Gora"]
[Date "2022.11.12"]
[Round "3.9"]
[White "Lonski, Aleksander"]
[Black "Bochenek, Ryszard"]
[Result "1/2-1/2"]
[BlackElo "1437"]
[WhiteElo "1656"]
[LiveChessVersion "1.4.4"]

1. e4 {[%clk 1:30:58]} d6 {[%clk 1:30:45]} 2. d4 {[%clk 1:31:21]} g6
{[%clk 1:30:45]} 3. Nc3 {[%clk 1:31:22]} Nf6 {[%clk 1:31:02]} 4. Bc4
{[%clk 1:30:59]} c6 {[%clk 1:30:05]} 5. a4 {[%clk 1:29:13]} Bg7 {[%clk 1:29:49]}
6. Nge2 {[%clk 1:29:02]} O-O {[%clk 1:29:41]} 7. O-O {[%clk 1:27:48]} Qc7
{[%clk 1:29:25]} 8. h3 {[%clk 1:25:42]} e5 {[%clk 1:29:20]} 9. dxe5
{[%clk 1:25:19]} dxe5 {[%clk 1:29:44]} 10. Ng3 {[%clk 1:24:48]} a5
{[%clk 1:27:48]} 11. Kh1 {[%clk 1:22:08]} Nbd7 {[%clk 1:27:32]} 12. Be3
{[%clk 1:20:55]} Ne8 {[%clk 1:24:54]} 13. Bg5 {[%clk 1:14:10]} Nd6
{[%clk 1:21:16]} 14. Ba2 {[%clk 1:12:03]} Nc5 {[%clk 1:20:54]} 15. f4
{[%clk 1:09:17]} Be6 {[%clk 0:57:08]} 16. f5 {[%clk 1:03:18]} Bxa2
{[%clk 0:52:45]} 17. Rxa2 {[%clk 1:03:30]} Rfe8 {[%clk 0:51:38]} 18. Qe2
{[%clk 0:56:14]} Rab8 {[%clk 0:46:27]} 19. Raa1 {[%clk 0:49:23]} Kh8
{[%clk 0:36:54]} 20. Rad1 {[%clk 0:45:57]} gxf5 {[%clk 0:29:58]} 21. Nxf5
{[%clk 0:44:44]} Nxf5 {[%clk 0:30:04]} 22. Rxf5 {[%clk 0:44:30]} Ne6
{[%clk 0:29:35]} 23. Qg4 {[%clk 0:29:15]} Nd4 {[%clk 0:27:13]} 24. Rf6
{[%clk 0:26:57]} Re6 {[%clk 0:25:39]} 25. Rxe6 {[%clk 0:17:45]} Nxe6
{[%clk 0:25:35]} 26. Ne2 {[%clk 0:16:09]} Rg8 {[%clk 0:23:46]} 27. Ng3
{[%clk 0:13:28]} Nxg5 {[%clk 0:21:47]} 28. Qxg5 {[%clk 0:13:46]} f6
{[%clk 0:21:29]} 29. Qd2 {[%clk 0:12:55]} Bf8 {[%clk 0:20:57]} 30. Nf5
{[%clk 0:11:44]} Qb6 {[%clk 0:19:38]} 31. b3 {[%clk 0:10:24]} Qc5 1/2-1/2